Đàm thoại tiếng Anh giọng Mỹ cho người bắt đầu học

Saved in:
Bibliographic Details
Format: Book
Language:Undetermined
Published: Thành phố Hồ Chí Minh Tổng Hợp thành phố Hồ Chí Minh 2004
Subjects:
Tags: Add Tag
No Tags, Be the first to tag this record!
Institutions: Trung tâm Học liệu Trường Đại học Cần Thơ
LEADER 00632nam a2200193Ia 4500
001 CTU_95339
008 210402s9999 xx 000 0 und d
020 |c 24000 
082 |a 428.34 
082 |b Đ104 
245 0 |a Đàm thoại tiếng Anh giọng Mỹ cho người bắt đầu học 
245 0 |c Nguyễn Thành Yến biên dịch 
260 |a Thành phố Hồ Chí Minh 
260 |b Tổng Hợp thành phố Hồ Chí Minh 
260 |c 2004 
650 |a English language 
650 |x Spoken English 
904 |i Mai Loan 
980 |a Trung tâm Học liệu Trường Đại học Cần Thơ